00720nam a2200157Ia 4500008004100000024006200041082001900103100007800122245004300200260002500243600002700268650003300295856010700328952011000435999001700545250506s9999 xx 000 0 und d a10B-5-EE, 10B-10-EE, 10B-22-EE, 10B-28-EE & 10B-35-EE a621.399072 MUH aMuhammad Wasif, Bilal Ahsan, Abdul Qayoom, Kamran Ali & Shoaib Ahmed Khan 0aSpider Robot Design and Implementation aKarachi:bUIT,c2010 aElectronic Engineering aBachelor of Engineering (BE) uhttps://drive.google.com/file/d/1_99cMR1TdDyRjQzZ0D5BwNfX_SZFdVEa/view?usp=sharingyClick here for PDF 001040708PR-EEaUITUbUITUd2022-07-26l0o621.399072 MUHpEE-403r2025-05-06 11:34:22w2025-05-06yPR c28339d28339